Najczęściej odwiedzane kraje - Statystyki

Ogólne statystyki
  • Ten quiz został rozwiązany 3 090 razy
  • Średni wynik to 12 z 15
Statystyki odpowiedzi
Liczba turystów Kraj % Poprawnych
82,6 mln Francja
96%
75,6 mln Stany Zjednoczone
96%
75,6 mln Hiszpania
95%
59,3 mln Chiny
94%
35,6 mln Niemcy
92%
52,4 mln Wlochy
92%
24,6 mln Rosja
91%
35,8 mln Wielka Brytania
88%
20.0 mln Kanada
86%
35,0 mln Meksyk
81%
24,8 mln Grecja
80%
25,4 mln Turcja
80%
32,6 mln Tajlandia
55%
28,1 mln Austria
51%
26,8 mln Malezja
28%
Nie znaleziono quizów pasujących do podanych kryteriów
Rozkład punktacji
Procent ludzi z każdym wynikiem
Percentyl według liczby udzielonych odpowiedzi
Twoja historia wyników
Nie rozwiązałeś tego quizu